logo

Bir Sreshtho Munshi Abdur Rouf Library
Jhenaidah Cadet College

বাঙলা একাডেমী পত্রিকা : ভাদ্র-অগ্রহায়ণ ১৩৬৪ প্রথম বর্ষ, দ্বিতীয় সংখ্যা / (Record no. 7124)

MARC details
000 -LEADER
fixed length control field 00878nam a2200229 a 4500
001 - CONTROL NUMBER
JCCL Control Number 7124
003 - CONTROL NUMBER IDENTIFIER
JCCL marc code BD-JhCC
005 - DATE AND TIME OF LATEST TRANSACTION
control field 20180403114512.0
008 - FIXED-LENGTH DATA ELEMENTS--GENERAL INFORMATION
fixed length control field 171231s1364 bg |||| ||a| 000 0 ben d
035 ## - SYSTEM CONTROL NUMBER
system control number (BD-JhCC)7124
040 ## - CATALOGING SOURCE
Original cataloging agency BD-JhCC
Modifying agency BD-JhCC
041 ## - LANGUAGE CODE
Language code of Book ben
082 ## - DEWEY DECIMAL CLASSIFICATION NUMBER
Classification number 071.471
Author mark and Year HAQ 1364
245 ## - TITLE STATEMENT
Title বাঙলা একাডেমী পত্রিকা : ভাদ্র-অগ্রহায়ণ ১৩৬৪ প্রথম বর্ষ, দ্বিতীয় সংখ্যা /
Statement of responsibility, etc মুহম্মদ এনামুল হক (সম্পদিত)
Remainder of title বাঙলা একাডেমী,
260 ## - PUBLICATION, DISTRIBUTION, ETC. (IMPRINT)
Place of publication, distribution, etc ঢাকা :
Name of publisher, distributor, etc বাঙলা একাডেমী,
Date of publication, distribution, etc 1364.
300 ## - PHYSICAL DESCRIPTION
Pagination 117 p. :
Dimensions 24 cm.
650 ## - SUBJECT ADDED ENTRY--TOPICAL TERM
Topical term or geographic name as entry element Magazine
650 ## - SUBJECT ADDED ENTRY--TOPICAL TERM
Topical term or geographic name as entry element News Paper
710 ## - ADDED ENTRY--CORPORATE NAME
Corporate name or jurisdiction name as entry element বাঙলা একাডেমী,
942 ## - ADDED ENTRY ELEMENTS (KOHA)
Source of classification or shelving scheme Dewey Decimal Classification
Koha item type Books
Holdings
Source of classification or shelving scheme Damaged status Not for loan Home library Current library Shelving location Date of accession Total Checkouts Full call number Barcode Date last seen Copy number Koha item type
Dewey Decimal Classification     JCC Rouf Library JCC Rouf Library General Stacks 02/05/2018   071.471 BEN 1364 9522 02/05/2018 C-1 Books

JCC Library | Contacts | JCC Home

Last Update on 23 September 2017
Copyright @ 2017-2020 JCC Rouf Library
Rouf Library, Jhenidah Cadet College (JCC), Bangladesh